000 01087-am-a2200265-a-4500
001 000112700
003 AM-YEHGA
005 20250617122420.0
008 981001s1980 xxu 000 0 rus u
020 _c1.60
040 _aAM-YeHGA
245 1 0 _aЛитология.
246 3 _aLithology
260 0 _aКиев :
_bНаукова думка ,
_c1980.
300 _a251 с. :
_bи ;
_c.
_c20 см.
440 0 _aМатериалы 11-го Конгресса Карпато-Балканской геологической ассоциации
500 _aЧасть текста англ. Рез. докл.: англ., нем.
650 4 _aГеохимия - Балканы
650 4 _aГеохимия - Карпаты
650 4 _aМинералогия - Балканы
650 4 _aМинералогия - Карпаты
710 2 _aКарпато-Балканская геологическая ассоциация
711 2 _aКонгресс Карпато-Балканской геологической ассоциации, (11)
090 _c37343
999 _c36779
_d36779